Представление документа в формате RUSMARC

ПолеНазваниеЗначение
  Тип записи a
  Библиографический уровень m
001 Контрольный номер RU/SLIB/B/208709862
005 Дата корректировки 20241025090645.8
010 Индекс ISBN __
d Цена 28-65
101 Язык документа 0_
a Язык текста rus
200 Заглавие и сведения об ответственности 1_
a Заглавие История русской революции
e Сведения, относящиеся к заглавию в 2 т.
f Первые сведения об ответственности Л. Д. Троцкий ; общ. ред. Н. Васецкого ; примеч. В. Иванова
b Общее обозначение материала Текст
h Номер части Т. 2, ч. 1
i Наименование части Октябрьская революция
210 Выходные данные 1_
a Место издания М.
c Издательство Республика
c Издательство ТЕРРА
d Дата издания 1997
215 Физическое описание __
a Объем 320 с.
606 Тематические рубрики __
a Основная рубрика История
z Хронологическая подрубрика 1917 г.; 20 в. нач.
y Географическая подрубрика Россия
606 Тематические рубрики __
a Основная рубрика История России и СССР (октябрь 1917 - 1991 г.)
610 Ключевые слова 0_
a Ключевые слова революции; большевики; буржуазия; демократия; коалиции; Октябрьская революция; Февральская революция
686 Индексы других классификаций __
2 Код системы rubbks
a Классификационный индекс 63.3(2)611
700 Автор _1
a Фамилия Троцкий
b Имя Л. Д.
4 Код отношения 070
702 Вторичная интеллектуальная ответственность _1
a Фамилия Васецкий
b Имя Н.
4 Код отношения Редактор
4 Код отношения 340
702 Вторичная интеллектуальная ответственность _1
a Фамилия Иванов
b Имя В.
4 Код отношения Автор предисловия и т.д.
4 Код отношения 080
801 Источник записи _0
a Страна RU
b Организация Муниципальное бюджетное учреждение культуры "Централизованная библиотечная система" г. Сургут (Центральная городская библиотека им. А. С. Пушкина)
g Правила каталогизации ОБ/Котельникова
801 Источник записи _1
a Страна RU
b Организация Муниципальное бюджетное учреждение культуры "Централизованная библиотечная система" г. Сургут (Центральная городская библиотека им. А. С. Пушкина)
g Правила каталогизации ОБ/Котельникова
852 Данные о местонахождении __
j Шифр хранения 63.3(2)611
c Каталожный индекс 63.3(2)611
i Авторский знак Т 76
p Инвентарный номер 77167
901 Тип документа __
t Тип документа m
903 Характеристики (МАРС) __
a Дата передачи 20000921
990 Данные о заказе (DOS) 00
j Количество экземпляров (DOS) 5
t N записи в КСУ для И/У (DOS) 200001